Les yeux de Mona (Record no. 4899)

MARC details
000 -CABECERA
campo de control de longitud fija 02715cam a2200349 i 4500
001 - NÚMERO DE CONTROL
campo de control 991107337503406196
005 - FECHA Y HORA DE LA ÚLTIMA TRANSACCIÓN
campo de control 20250828104920.0
008 - DATOS DE LONGITUD FIJA--INFORMACIÓN GENERAL
campo de control de longitud fija 231205t20242024fr 001 0 fre
010 ## - NÚMERO DE CONTROL DE LA BIBLIOTECA DEL CONGRESO
Número de control de LC 2023485307
020 ## - NÚMERO INTERNACIONAL ESTÁNDAR DEL LIBRO
Número Internacional Estándar del Libro 9782226487162
Información calificativa (other)
020 ## - NÚMERO INTERNACIONAL ESTÁNDAR DEL LIBRO
Número Internacional Estándar del Libro 2226487166
029 1# - OTRO NÚMERO DE CONTROL DE SISTEMA (OCLC)
Identificador de la biblioteca OCLC AU@
Número de control de sistema 000076665395
035 ## - NÚMERO DE CONTROL DEL SISTEMA
Número de control de sistema (OCoLC)1435485773
Número de control cancelado/no válido (OCoLC)1419440778
035 ## - NÚMERO DE CONTROL DEL SISTEMA
Número de control de sistema (OCoLC)on1435485773
040 ## - FUENTE DE LA CATALOGACIÓN
Centro catalogador/agencia de origen DLC
Lengua de catalogación eng
Normas de descripción rda
Centro/agencia transcriptor DLC
Centro/agencia modificador OCLCO
-- AUXAM
-- TOH
-- C3L
-- HUL
-- MCCPP
-- IG#
-- CUS
-- OCLCO
041 ## - CÓDIGO DE LENGUA
Código de lengua del texto/banda sonora o título independiente French
042 ## - CÓDIGO DE AUTENTICACIÓN
Código de autenticación pcc
050 00 - SIGNATURA TOPOGRÁFICA DE LA BIBLIOTECA DEL CONGRESO
Número de clasificación PQ2719.C438
Número de documento/Ítem Y34 2024
100 ## - ENTRADA PRINCIPAL--NOMBRE DE PERSONA
Nombre de persona Schlesser, Thomas,
Término indicativo de función/relación author.
URI de un objeto del mundo real https://id.oclc.org/worldcat/entity/E39PBJtH3MJHvBDdvw93VCcpT3
9 (RLIN) 25835
245 14 - MENCIÓN DE TÍTULO
Título Les yeux de Mona
Resto del título : roman
Mención de responsabilidad, etc. / Thomas Schlesser.
264 #1 - PRODUCCIÓN, PUBLICACIÓN, DISTRIBUCIÓN, FABRICACIÓN Y COPYRIGHT
Producción, publicación, distribución, fabricación y copyright Paris :
Nombre del de productor, editor, distribuidor, fabricante Albin Michel,
Fecha de producción, publicación, distribución, fabricación o copyright [2024]
300 ## - DESCRIPCIÓN FÍSICA
Extensión 484 pages ;
Dimensiones 23 cm
520 ## - SUMARIO, ETC.
Sumario, etc. Cinquante-deux semaines: c'est le temps qu'il reste à Mona pour découvrir toute la beauté du monde. C'est le temps que s'est donné son grand-père, un homme érudit et fantasque, pour l'initier, chaque mercredi après l'école, à une úuvre d'art, avant qu'elle ne perde, peut-être pour toujours, l'usage de ses yeux. Ensemble, ils vont sillonner le Louvre, Orsay et Beaubourg. Ensemble, ils vont s'émerveiller, s'émouvoir, s'interroger, happés par le spectacle d'un tableau ou d'une sculpture. Empruntant les regards de Botticelli, Vermeer, Goya, Courbet, Claudel, Kahlo ou Basquiat, Mona découvre le pouvoir de l'art et apprend le don, le doute, la mélancolie ou la révolte, un précieux trésor que son grand-père souhaite inscrire en elle à jamais. Retrouvez les 52 chefs-d'úuvre à l'intérieur de la jaquette dépliable.
520 ## - SUMARIO, ETC.
Sumario, etc. Fifty-two weeks: that is the time Mona has left to discover all the beauty of the world. It is the time her grandfather—an erudite and whimsical man—has set himself to introduce her, every Wednesday after school, to a masterpiece of art, before she may lose, perhaps forever, the use of her eyes.<br/><br/>Together, they wander through the Louvre, the Musée d’Orsay and the Centre Pompidou. Together, they marvel, feel moved, and question, swept away by the spectacle of a painting or a sculpture. Through the eyes of Botticelli, Vermeer, Goya, Courbet, Claudel, Kahlo or Basquiat, Mona discovers the power of art and learns of generosity, doubt, melancholy and rebellion—a precious treasure her grandfather longs to leave within her for ever.
546 ## - NOTA DE LENGUA/LENGUAJE
Nota de lengua/lenguaje In French.
650 #0 - PUNTO DE ACCESO ADICIONAL DE MATERIA--TÉRMINO DE MATERIA
Término de materia o nombre geográfico como elemento de entrada Art
Subdivisión general Appreciation
Subdivisión de forma Fiction.
650 #0 - PUNTO DE ACCESO ADICIONAL DE MATERIA--TÉRMINO DE MATERIA
Término de materia o nombre geográfico como elemento de entrada Museums
Subdivisión de forma Fiction.
650 #0 - PUNTO DE ACCESO ADICIONAL DE MATERIA--TÉRMINO DE MATERIA
Término de materia o nombre geográfico como elemento de entrada Children with visual disabilities
Subdivisión de forma Fiction.
650 #0 - PUNTO DE ACCESO ADICIONAL DE MATERIA--TÉRMINO DE MATERIA
Término de materia o nombre geográfico como elemento de entrada Grandparent and child
Subdivisión de forma Fiction.
651 #0 - PUNTO DE ACCESO ADICIONAL DE MATERIA--NOMBRE GEOGRÁFICO
Nombre geográfico Paris (France)
Subdivisión de forma Fiction.
942 ## - ELEMENTOS DE ENTRADA AGREGADA (KOHA)
Fuente del sistema de clasificación o colocación Clasificación de Library of Congress
Holdings
Estado de retiro Estado de pérdida Fuente del sistema de clasificación o colocación Estado dañado No para préstamo Biblioteca de origen Biblioteca actual Fecha de adquisición Total de préstamos Signatura topográfica completa Código de barras Fecha visto por última vez Número de copia Precio válido a partir de Tipo de ítem Koha
    Clasificación de Library of Congress     TBS Barcelona TBS Barcelona 28/08/2025   P-FR SCH B07711 28/08/2025 1 28/08/2025 Book

Powered by Koha